书目信息 |
| 题名: |
当胖妇人引吭高歌时
|
|
| 作者: | 巴伯 著 ;沫飞 译 | |
| 分册: | ||
| 出版信息: | 北京 人民音乐出版社 2002 |
|
| 页数: | 129页 | |
| 开本: | 20cm | |
| 丛书名: | 欧美畅销系列 | |
| 单 册: | ||
| 中图分类: | J832 | |
| 科图分类: | ||
| 主题词: | 歌剧--戏剧史--西方国家 , CT--S080727--戏剧史 , CT--S025228--歌剧 | |
| 电子资源: | ||
| ISBN: | 7-103-02482-0 | |
| 000 | 01120oam2 2200313 45 | |
| 001 | 012002050584 | |
| 005 | 20070806094509.93 | |
| 010 | @a7-103-02482-0@dCNY8.10 | |
| 100 | @a20020621d2002 em y0chiy0110 ea | |
| 101 | 1 | @achi@ceng |
| 102 | @aCN@b110000 | |
| 105 | @aa z 000yd | |
| 200 | 1 | @a当胖妇人引吭高歌时@9dang pang fu ren yin hang gao ge shi@e易学易懂的歌剧史@f(加)戴维·巴伯著@g沫飞译 |
| 210 | @a北京@c人民音乐出版社@d2002 | |
| 215 | @a129页@c图@d20cm | |
| 225 | 2 | @a欧美畅销系列@i轻松解读音乐丛书 |
| 305 | @a加拿大Sound and Vision授权出版 | |
| 330 | @a本书内容包括:开创潮流、技高一筹、法国一族、英国路线、德奥高人、俄国入局、主导动机、歌剧大师、世纪余响。 | |
| 462 | 0 | @12001 @a轻松解读音乐丛书 |
| 510 | 1 | @aWhen the Fat Lady Sings@eOpera History As It Ought to Be Taught@zeng |
| 517 | 1 | @a易学易懂的歌剧史@9yi xue yi dong de ge ju shi |
| 606 | 0 | @a歌剧@x戏剧史@y西方国家 |
| 606 | 0 | @2CT@3S080727@a戏剧史 |
| 606 | 0 | @2CT@3S025228@a歌剧 |
| 690 | @aJ832@v4 | |
| 701 | 1 | @a巴伯@9ba bo@b戴维@4著 |
| 702 | 0 | @a沫飞@9mo fei@4译 |
| 801 | 0 | @aCN@bNLC@c20070806 |
| 905 | @a10447@dJ832@e107 | |
| 当胖妇人引吭高歌时:易学易懂的歌剧史/(加)戴维·巴伯著/沫飞译.-北京:人民音乐出版社,2002 |
| 129页:图;20cm.-(欧美畅销系列.轻松解读音乐丛书) |
| ISBN 7-103-02482-0:CNY8.10 |
| 本书内容包括:开创潮流、技高一筹、法国一族、英国路线、德奥高人、俄国入局、主导动机、歌剧大师、世纪余响。 |
| ● |
| 相关链接 |
|
|
|
|
正题名:当胖妇人引吭高歌时
索取号:J832/107
 
预约/预借
| 序号 | 登录号 | 条形码 | 馆藏地/架位号 | 状态 | 备注 |
| 1 | 0806730 | 208067303 | 第一样本阅览室/ [索取号:J832/107] | 在馆 | |
| 2 | 0806731 | 208067312 | 第一借阅区/ [索取号:J832/107] | 在馆 | |
| 3 | 0806732 | 208067321 | 第一借阅区/ [索取号:J832/107] | 在馆 | |
| 4 | 0806733 | 208067330 | 第一借阅区/ [索取号:J832/107] | 在馆 | |
| 5 | 0806734 | 208067349 | 密集书库-音乐系/ [索取号:J832/107] | 在馆 |